| 000 | 00572nam a2200193 a 4500 | ||
|---|---|---|---|
| 005 | 20210219153008.0 | ||
| 008 | 991125n 000 0 spa u | ||
| 035 | _aUPN01000071981 | ||
| 100 | _aHOPP, Heinrich | ||
| 222 |
_aEDUCACION : _bCOLECCION SEMESTRAL DE APORTACIONES ALEMANAS RECIENTES EN LAS CIENCIAS PEDAGOGICAS |
||
| 245 | _aLa descripción como tarea en la clase de redacción | ||
| 300 | _a121-125 | ||
| 362 | _a1973 Vol. 7 | ||
| 653 | 0 | _aEXPRESION ESCRITA | |
| 653 | 0 | _aOBSERVACION | |
| 653 | 0 | _aREDACCION | |
| 904 |
_aAC _b009792 |
||
| 905 | _aArticulo | ||
| 999 |
_c65796 _d65796 |
||